000 00837nas a2200277 4500
001 BR2013006622
003 BR-BrBNA
005 20231205122804.0
007 ta
008 230509b bl.|||p| |||| 00| 00por d
040 _aBR-BrBNA
_bpor
_cBiblioteca Nacional de Agricultura
041 _a(Pt)
072 _aF01
100 1 _aNascimento, I.B. do
100 1 _aInnecco, R.
100 1 _aMatos, S.H.
100 1 _aBorges, N.S.S.
100 1 _aMarco, C.A.
245 1 _aInfluência do horário de corte na produção de óleo essencial de capim-santo (Andropogum sp)
650 _aPLANTA MEDICINAL
650 _aÓLEO ESSENCIAL
650 _aRENDIMENTO
773 0 _tCaatinga (Brazil)
_xISSN 0100-316X
_g(Abr-Jun 2006), v. 19(2) p. 123-127
_wBR2013006622
909 _a202311
_bLúcia
_c55
_dLúcia Elande
942 _2AGRIS
_n0
_cANA
999 _c230561
_d230561